| 000 | 00462nam a2200157Ia 4500 | ||
|---|---|---|---|
| 008 | 240729s9999 xx 000 0 und d | ||
| 245 | 0 | _aBulletin of the Mineral Research and Exploration | |
| 260 | _aTürkiye | ||
| 260 | _bGeneral Directorate of Mineral Research and Exploration | ||
| 650 | _a Geology | ||
| 650 | _a Mineralogy | ||
| 650 | _aScience | ||
| 856 | _uhttps://doaj.org/toc/c7715e89f468415a9904ab3bb9d651cd | ||
| 942 | _2ddc | ||
| 942 | _cDOAJEJ | ||
| 999 |
_c72267 _d72267 |
||
| 945 |
_a1 _bMadushi Gamage _c1 _dMadushi Gamage |
||